000 00613nam a2200241Ia 4500
003 OSt
005 20221007075949.0
006 a|||||r|||| 00| 0
007 ta
008 221006b |||||||| |||| 00| 0 eng d
020 _a8170367492
024 _a16,670
037 _cTextual
040 _aFLL
_cFLL
_beng
041 _2eng
_aeng
082 _a4:W6, N8
100 _aBathla Sonia
245 0 _aWomen, democracy and the media
260 _aNew Delhi
_bSage Publications India
_c1998
300 _a209p
_ccm.
942 _h4:W6, N8
_cTEXL
_2CC
999 _c1157957
_d1157957